书目信息 |
| 题名: |
民营经济与中国现代化
|
|
| 作者: | 李济琛 著 | |
| 分册: | ||
| 出版信息: | 北京 华文出版社 2020.06 |
|
| 页数: | 13,539页 | |
| 开本: | 24cm | |
| 丛书名: | ||
| 单 册: | ||
| 中图分类: | F121.23 , D614 | |
| 科图分类: | ||
| 主题词: | 民营经济--经济发展--关系--现代化研究--中国 | |
| 电子资源: | ||
| ISBN: | 978-7-5075-5287-4 | |
| 000 | 00933nam0 2200265 450 | |
| 001 | 0120203028386 | |
| 005 | 20201019155809.73 | |
| 010 | @a978-7-5075-5287-4@dCNY68.00 | |
| 100 | @a20200824d2020 em y0chiy50 ea | |
| 101 | 0 | @achi |
| 102 | @aCN@b110000 | |
| 105 | @ay z 000yy | |
| 106 | @ar | |
| 200 | 1 | @a民营经济与中国现代化@9min ying jing ji yu zhong guo xian dai hua@b专著@f李济琛著 |
| 205 | @a2版@b增订本 | |
| 210 | @a北京@c华文出版社@d2020.06 | |
| 215 | @a13,539页@d24cm | |
| 330 | @a本书分理论篇、历史篇、现实篇共三篇。主要内容包括:马克思关于人类社会发展三阶段(三文明形态)理论;市场经济;生产力理论;资本幼芽在中国始终长不成参天大树的原因认识等。 | |
| 333 | @a民营经济发展研究人员 | |
| 606 | 0 | @a民营经济@x经济发展@x关系@x现代化研究@y中国 |
| 690 | @aF121.23@v5 | |
| 690 | @aD614@v5 | |
| 701 | 0 | @a李济琛@9li ji chen@f(1951-)@4著 |
| 801 | 0 | @aCN@b人天书店@c20200824 |
| 905 | @b1291319-22@dF121.23@e301=2@f4 | |
| 民营经济与中国现代化/李济琛著.-2版,增订本.-北京:华文出版社,2020.06 |
| 13,539页;24cm |
| 使用对象:民营经济发展研究人员 |
| ISBN 978-7-5075-5287-4:CNY68.00 |
| 本书分理论篇、历史篇、现实篇共三篇。主要内容包括:马克思关于人类社会发展三阶段(三文明形态)理论;市场经济;生产力理论;资本幼芽在中国始终长不成参天大树的原因认识等。 |
| ● |
| 相关链接 |
|
|
|
|
正题名:民营经济与中国现代化
索取号:F121.23/301=2
 
预约/预借
| 序号 | 登录号 | 条形码 | 馆藏地/架位号 | 状态 | 备注 |
| 1 | 1291319 | 212913196 | 第一样本阅览室/ [索取号:F121.23/301=2] | 在馆 | |
| 2 | 1291320 | 212913203 | 第一借阅区/ [索取号:F121.23/301=2] | 在馆 | |
| 3 | 1291321 | 212913212 | 第一借阅区/ [索取号:F121.23/301=2] | 在馆 | |
| 4 | 1291322 | 212913221 | 第一借阅区/ [索取号:F121.23/301=2] | 在馆 |